000 00798nam a22002177a 4500
005 20110926115743.0
010 _aG-001514
020 _c495.00
_a9788170947073
035 1 d _aG-001514
037 _bGift
082 _a332.10681
100 _aBidani, S.N.
_934854
245 _aBanking risks:
_cby S.N. Bidnai
_bmanagement and audit /
260 _aNew Delhi
_bVision Books
_c2010
270 _a24 Feroze Gandhi Road, Lajpat Nagar
_bNew Delhi
_e110024
300 _a232p.
_c24cm(pbk)
500 _aIncludes index
942 _2ddc
_cEN
_h332.10681
_mBAN
999 _c56992
_d56992